000 00305nam a2200109Ia 4500
008 190914s9999||||xx |||||||||||||| ||und||
100 _aRafia A.Mohammad
245 0 _aInternet Marketing building advantage in a networked economy
260 _aNew Jersey
_bPrentice Hall
_c2000
300 _a191
942 _cBK
999 _c9378
_d9378